000 00364nam a2200157Ia 4500
999 _c2340
_d2340
003 OSt
005 20190928162011.0
008 190802s9999 xx 000 0 und d
020 _a978-9387067189
040 _cmaju
100 _aBob Hughes
245 0 _aSoftware Project Management
260 _aNew Delhi
_bApress
_c2018
300 _a454:P
942 _cBK
_2ddc